000 00627nam a2200205 i 4500
001 101953
003 ES-MaACL
005 20250822035247.0
007 t|
008 051028s1972 sp ||||1| spa d
100 1 _aMemmi , Albert.
_9184620
245 1 3 _aEl hombre dominado /
_cAlbert Memmi; [traducción, María Luisa León].
260 _aMadrid :
_bCuadernos para el Diálogo,
_c1972.
300 _a239 p. ;
_c21 cm.
650 0 7 _aPsicología social
_2embne
_916573
700 1 _aLeón, María Luisa.
_971585
710 2 _aCuadernos para el Diálogo.
_93333
852 _aES-MaACL
_jC-42652
999 _c101953
_d101953